000 00654nam a22002177a 4500
005 20241206090716.0
008 241206b ||||| |||| 00| 0 eng d
040 _cAL
041 _aEnglish
082 _223
_a340.11
_bLEVI
100 _aEdward H.Levi
_9188062
245 _aIntroduction to Legal Reasoning
260 _aLondon
_bThe university of chicago press Ltd
_c2013
300 _a104 p.
_bHB
_c22x15 cm.
365 _a1060
_b₹291.27
_c
_d₹399.00
_e27%
_f28-11-2024
650 _aLaw
_9188063
650 _aMethodology
_9188064
650 _aInterpretation and construction
_9188065
700 _aLEVI (Edward H)
_9188066
942 _2ddc
_cBK
999 _c232150
_d232150